00354 a2200133 4500003000500000005001700005040000900022082001300031100001900044245010100063260002600164300001000190650002000200Nust20170207153433.0 cNust a891.4391 a Aslam Khokhar a Napoleon Bonaparte,- heridvolf hitler ,Banto Masoluni. ...bTeen Azeem DictatorcAslam Khokhar aLahorebFiction House a250:p aurdu literature